000 00353cam a2200157 4500
008 090401t xxu||||| |||| 00| 0 eng d
020 _a0117268569
035 _a(Sirsi) u53884
041 _aeng
245 _aPainting walls Part I: Choice of paint
260 _bHMSO
350 _a0
490 _aBRE Digest
_v197
942 _n0
948 _c04/03/1997
999 _c93353
_d93353